000 01132nam a2200277Ia 4500
005 20240530110957.0
008 140319s2006 xx 000 0 ara d
020 _a9774083709
040 _aGCL /
_cGCL
082 0 4 _a658.3 /
_bهـ ا
_2الاولى
100 1 _aهوبكنز ، برايان
245 1 0 _aالادارة الاليكترونية للموارد البشرية /
_cتاليف هوبكنز ، برايان ؛ جيمس ماركهام ؛ مترجم خالد العامرى
_b
250 _aالاولى
260 _aالقاهرة :
_bدار الفاروق للنشر والتوزيع،
_c2006
300 _a336 ص ؛
_c24 سم
490 _aمهارات الادارة للمحترفين
650 0 4 _aالادارة
650 0 4 _aالادارة - تطوير
650 0 4 _aالتسويق الالكترونى
650 0 4 _aالموارد البشرية
651 _2الادارة الاليكترونية
700 _aجيمس ماركهام
_eمؤلف مشارك
700 _aخالد العامرى
_eمترجم
942 _2ddc
_cBK
999 _c67110
_d67110